000 01198nam a2200205Ia 4500
999 _c39642
_d39642
001 6242
003 GE_BSU
005 20190607205657.0
008 181216s1982||||ge |||||||||||||| ||geo||
040 _cGE_BSU
041 _ageo
080 _a621.22(075.8)+621.224 თ-95
100 _aთხინვალელი, გ.
_92302
245 _aჰიდრავლიკური მანქანები. ნაწილი II : ტუმბოები და შექცევადი ჰოდრომანქანები :
_bსახელმძღვანელო პოლიტექნ. ინ-ტის სტუდენტებისათვის /
_cგ. თხინვალელი, ; რედ : ჩ. გურგენიძე.
264 _aთბილისი :
_bგანათლება,
_c1982.
300 _a110 გვ .:
_bილ.
_c22სმ;
_eცხრ.
653 _aჰიდრავლიკური მანქანები. ტუმბოები და შექცევადი ჰოდრომანქანები
700 _aგურგენიძე., ჩ
_eრედაქტორი
_92304
942 _cBK
_2udc